Určování nákladů staveb v nových podmínkách

Saved in:
Bibliographic Details
Main Author: Tomášová, Jana
Format: Book
Language:Czech
Published: Praha Právnické a ekonomické nakladatelství a knihkupectví Linde 1991
Edition:5. vyd.
Subjects:
Tags: Add Tag
No Tags, Be the first to tag this record!

MARC

LEADER 00000nam a2200000 4500
001 c000913
005 20221214095140.4
020 |a 7038-061-6 
041 0 |a cze 
044 |a CZ 
245 1 0 |a Určování nákladů staveb v nových podmínkách  |c Jana Tomášová 
250 |a 5. vyd. 
264 1 |a Praha  |b Právnické a ekonomické nakladatelství a knihkupectví Linde  |c 1991 
300 |a 56 s. 
610 2 0 |a rozpočtovanie stavieb 
610 2 0 |a práca stavebná 
610 2 0 |a práca stavebnomontážna 
610 2 0 |a oceňovanie ekonomické 
610 2 0 |a ceny voľné 
610 2 0 |a vyhlášky 
610 2 0 |a dodávatelia 
610 2 0 |a stimulovanie 
610 2 0 |a rozpočet nákladov 
610 2 0 |a sústava informačná 
610 2 0 |a ČSFR 
610 2 0 |a investície 
100 1 |a Tomášová, Jana